दलित ब्राह्मण (Record no. 178692)

MARC details
000 -LEADER
fixed length control field 00567nam a2200181Ia 4500
008 - FIXED-LENGTH DATA ELEMENTS--GENERAL INFORMATION
fixed length control field 090124s9999 xx 000 0 und d
082 ## - DEWEY DECIMAL CLASSIFICATION NUMBER
Item number 132594
100 ## - MAIN ENTRY--PERSONAL NAME
Personal name लिंबाळे शरणकुमार
245 ## - TITLE STATEMENT
Title दलित ब्राह्मण
250 ## - EDITION STATEMENT
Edition statement 2
260 ## - PUBLICATION, DISTRIBUTION, ETC. (IMPRINT)
Date of publication, distribution, etc 2004
300 ## - PHYSICAL DESCRIPTION
Extent 208
600 ## - SUBJECT ADDED ENTRY--PERSONAL NAME
Personal name लिंबाळे शरणकुमार
630 ## - SUBJECT ADDED ENTRY--UNIFORM TITLE
Uniform title दलित ब्राह्मण
700 ## - ADDED ENTRY--PERSONAL NAME
Personal name लिंबाळे शरणकुमार
730 ## - ADDED ENTRY--UNIFORM TITLE
Uniform title दलित ब्राह्मण
942 ## - ADDED ENTRY ELEMENTS (KOHA)
Koha item type Book
Holdings
Withdrawn status Lost status Damaged status Not for loan Home library Current library Date acquired Cost, normal purchase price Total Checkouts Full call number Barcode Date last seen Cost, replacement price Price effective from Koha item type
        Marathi Granth Sangrahalaya,Thane Marathi Granth Sangrahalaya,Thane   200.00   132594 THNMGS-132594 01/24/2009 200.00 01/24/2009 Book